random questions #2 - Statistics

General Stats
  • This quiz has been taken 22 times
  • The average score is 11 of 15
Answer Stats
Hint Answer % Correct
will smith played the fresh prince of ______-air bel
100%
what is this symbol $ dollar
100%
we are made up of 72% of water
100%
what came first friends or the big bang theory friends
95%
what is the largest organ we have skin
95%
who has iron man dc or marvel marvel
89%
who sings purple rain prince
84%
what is elvis' nickname the king
79%
what is one of the most spoken languages spanish
68%
who plays wonder woman gal gadot
63%
another one of sandra bullocks best movies speed
63%
there is apple and android
42%
who sings the best tina turner
37%
how many miss congeniality movies are there two
37%
one of sandra bullocks best movies miss congeniality
32%
No matching quizzes found
Score Distribution
Percent of People with Each Score
Percentile by Number Answered
Your Score History
You have not taken this quiz